| 000 | 00619cam a22002172 4500 | ||
|---|---|---|---|
| 999 |
_c18231 _d18231 |
||
| 001 | 0000019430 | ||
| 003 | OSt | ||
| 005 | 20200224122522.0 | ||
| 008 | 101115s xx 000 0 eng d | ||
| 020 | _a1285173955 | ||
| 040 |
_aKABU _cKABU |
||
| 050 | 0 |
_aHJ141 _b.H96 2014 c. 1 |
|
| 100 | 1 | _aHyman, David N. | |
| 245 | 1 | 0 |
_aPublic finance : _ba contemporary application of theory to policy. |
| 250 | _a11th ed. | ||
| 260 |
_aStamford, USA _bCengage Learning _c2014. |
||
| 300 | _axvi, 698 p. | ||
| 650 | 0 | _aPublic finance. | |
| 908 | _a101115 | ||
| 942 |
_2lcc _cBK _hHJ141 _i.H96 2014 c. 1 |
||